000 00477nam a2200145Ia 4500
008 221007s9999 xx 000 0 und d
041 _aeng
082 _bTAR
100 _aTare Rashmi - 2k121139; Prof.Pranita Sonar - Guide & [Company Name] - Vanaz Engineers Ltd.
_9102891
245 2 _aA Project Report On Study of Performance Appraisal System With Special Referance To Vanaz Engineers Ltd.
250 _a2014
260 _c2014
_aPune
300 _a40p
906 _bGeneral
999 _c71754
_d71754